000 00966nam a2200253 a 4500
001 BRL_1581
005 20190320211255.0
008 190314s1930----mx-ao#####---#000-0#spa-#
020 _a9682986494
041 _aspa
044 _amx
050 4 _aML3570
_b.C36 1930
100 1 _aCampos, Rubén M.
_d1876-1945
_927351
245 1 0 _aEl folklore musical de las ciudades
_binvestigación acerca de la música mexicana para bailar y cantar : obra integrada con 85 composiciones para piano, cuyas melodías están intactas
_cRubén M. Campos.
260 _aMéxico
_bSecretaría de Educación Pública
_c1930
300 _a457 p.
_bil., fotografías (blanco y negro)
_c23 cm.
500 _aAu2075
500 _aIncluye índice de imágenes y de composiciones músicales.
650 1 4 _aMúsica bailable
_zMéxico
_927352
650 1 4 _aMúsica
_xHistoria y crítica
_zMéxico
_93614
650 1 4 _aMúsica folklórica
_zMéxico
_925770
902 _aGRL
942 _2lcc
_cB
999 _c10390
_d10390